00265nam a22001097a 4500020001800000082001500018100001900033245003500052260004500087300000800132650001500140 a9789387587069 a709.54 ELW aElwin, Verrier aThe Tribal Art of Middle India aDelhibB.R. Publishing Corporationc2018 a213 aTribal art